<?xml version="1.0" encoding="UTF-8"?>
<record
    xmlns:xsi="http://www.w3.org/2001/XMLSchema-instance"
    xsi:schemaLocation="http://www.loc.gov/MARC21/slim http://www.loc.gov/standards/marcxml/schema/MARC21slim.xsd"
    xmlns="http://www.loc.gov/MARC21/slim">

  <leader>00984nam a2200229 i 4500</leader>
  <controlfield tag="001">C2-0341515</controlfield>
  <controlfield tag="003">PPAK</controlfield>
  <controlfield tag="005">20180728143157.0</controlfield>
  <controlfield tag="008">170402s2016    my a|||| |||||  |   may d</controlfield>
  <datafield tag="040" ind1=" " ind2=" ">
    <subfield code="a">PPAK</subfield>
    <subfield code="b">eng</subfield>
    <subfield code="c">PPAK</subfield>
    <subfield code="e">rda</subfield>
  </datafield>
  <datafield tag="082" ind1="0" ind2="4">
    <subfield code="a">394.409595112</subfield>
    <subfield code="2">23</subfield>
  </datafield>
  <datafield tag="090" ind1="0" ind2="0">
    <subfield code="a">394.409595112</subfield>
    <subfield code="b">IST</subfield>
    <subfield code="d">KK</subfield>
  </datafield>
  <datafield tag="245" ind1="0" ind2="0">
    <subfield code="a">Istiadat menjunjung duli dan pemasyhuran pelantikan Duli yang Teramat Mulia Raja Muda Kedah</subfield>
  </datafield>
  <datafield tag="264" ind1=" " ind2="1">
    <subfield code="a">Alor Setar, Kedah : </subfield>
    <subfield code="b">Bahagian Istiadat &amp; Pengurusan Majlis, Pejabat Setaiusaha Kerajaan Negeri Kedah Darul Aman , </subfield>
    <subfield code="c">[2016]</subfield>
  </datafield>
  <datafield tag="300" ind1=" " ind2=" ">
    <subfield code="a">[16 pages] : </subfield>
    <subfield code="b">colour photographs ; </subfield>
    <subfield code="c">20 cm</subfield>
  </datafield>
  <datafield tag="336" ind1=" " ind2=" ">
    <subfield code="2">rdacontent</subfield>
    <subfield code="a">text</subfield>
  </datafield>
  <datafield tag="337" ind1=" " ind2=" ">
    <subfield code="2">rdamedia</subfield>
    <subfield code="a">unmediated</subfield>
  </datafield>
  <datafield tag="338" ind1=" " ind2=" ">
    <subfield code="2">rdacarrier</subfield>
    <subfield code="a">volume</subfield>
  </datafield>
  <datafield tag="500" ind1=" " ind2=" ">
    <subfield code="a">Buku Cenderamata</subfield>
  </datafield>
  <datafield tag="650" ind1="1" ind2="0">
    <subfield code="a">Kedah - King and rulers. ; Coronation - Negeri Kedah Darul Aman. ; Coronation - Duli Yang Teramat Mulia Dato' Seri Diraja Tan Sri Tunku Sallehuddin Ibni Almarhum Sultan Badlishah, Raja Muda Kedah. ; Coronation.</subfield>
  </datafield>
  <datafield tag="942" ind1=" " ind2=" ">
    <subfield code="d">dc</subfield>
    <subfield code="c">B</subfield>
  </datafield>
  <datafield tag="999" ind1=" " ind2=" ">
    <subfield code="c">138558</subfield>
    <subfield code="d">138558</subfield>
  </datafield>
  <datafield tag="952" ind1=" " ind2=" ">
    <subfield code="0">0</subfield>
    <subfield code="7">1</subfield>
    <subfield code="b">PPAK</subfield>
    <subfield code="c">KK</subfield>
    <subfield code="d">2017-04-05</subfield>
    <subfield code="o">KK 394.409595112 IST</subfield>
    <subfield code="p">A00366915</subfield>
    <subfield code="r">2018-05-09 00:00:00</subfield>
    <subfield code="y">PB</subfield>
  </datafield>
</record>
